| 000 | 00421nam a2200157Ia 4500 | ||
|---|---|---|---|
| 008 | 151213s9999 xx 000 0 und d | ||
| 020 | _a81-7409232-3 | ||
| 100 | _aSunil S.Rao | ||
| 245 |
_aSwitchgear Perfection and Power Systems _cSunil S.Rao |
||
| 260 |
_aKhanna Publications India _bKhanna Publication _c2008 |
||
| 300 | _a8549 p. | ||
| 650 | _aE.E.E. | ||
| 650 | _ascience | ||
| 700 | _aSunil S.Rao | ||
| 999 |
_c4377 _d4377 |
||